Before the flood

Before the Flood takes place in a time when satellite malls didn't hide the horizon, when the best hockey players were found on six teams, when towns were as individual as people. Forty miles to the south, construction is about to begin on a massive dam which will alter the region forever.

Gorde:
Xehetasun bibliografikoak
Egile nagusia: Wilson, Alan R.
Formatua: Liburua
Hizkuntza:Undetermined
Argitaratua: Ontario, Canada Cormorant Books 1999
Gaiak:
Etiketak: Etiketa erantsi
Etiketarik gabe, Izan zaitez lehena erregistro honi etiketa jartzen!
Thư viện lưu trữ: Trung tâm Học liệu Trường Đại học Cần Thơ
LEADER 00818nam a2200205Ia 4500
001 CTU_41237
008 210402s9999 xx 000 0 und d
082 |a 813.54 
082 |b W747 
100 |a Wilson, Alan R. 
245 0 |a Before the flood 
245 0 |c Alan R Wilson 
260 |a Ontario, Canada 
260 |b Cormorant Books 
260 |c 1999 
520 |a Before the Flood takes place in a time when satellite malls didn't hide the horizon, when the best hockey players were found on six teams, when towns were as individual as people. Forty miles to the south, construction is about to begin on a massive dam which will alter the region forever. 
650 |a Canadian fiction,Canadian literature 
650 |y 20th century 
904 |i Minh 
980 |a Trung tâm Học liệu Trường Đại học Cần Thơ